000 00552nam a22001937a 4500
005 20230412120908.0
008 230403b |||||||| |||| 00| 0 eng d
020 _a9781568715322
_qHard cover
040 _aCBULib
_cCBULib
041 _aeng
050 _aDS 117 Spi
100 _aSpiro, Ken
245 _aCrash course in the Jewish history : from Abraham to modern Israel
_c/ by Ken Spiro
260 _aSouthfield :
_bTargum Press,
_c2010
300 _axxiii, 484 pages : illustrations
600 _aSPIRO, KEN
650 _aJEWS
942 _c002
999 _c75614
_d75614